|
|
|
|
| LEADER |
00000nab a2200000 a 4500 |
| 001 |
vtls010113176 |
| 003 |
SK-MaSNL |
| 005 |
20260426103124.0 |
| 008 |
100708 2010 xo r r 000 0 slo |
| 015 |
|
|
|a SNBRB2010/07
|2 kevkjb
|
| 038 |
|
|
|a KEVKJB
|
| 040 |
|
|
|a KEVKJB
|b slo
|c KEVKJB
|e AACR2
|
| 041 |
0 |
|
|a slo
|
| 044 |
|
|
|a xo
|c SK
|
| 080 |
|
|
|a 726.52
|2 2001
|
| 080 |
|
|
|a 75.071.1
|2 2001
|
| 080 |
|
|
|a 929 Michelangelo Buonarroti
|2 2001
|
| 100 |
1 |
|
|a Kadlečíková, Maja,
|d 1972-
|4 aut
|9 166756
|
| 245 |
1 |
0 |
|a Tajný symbol ?
|b americkí vedci tvrdia, že na Michelangelovej freske v Sixtínskej kaplnke objavili obraz ľudského mozgu
|c Maja Kadlečíková
|
| 300 |
|
|
|b Obr.
|
| 600 |
0 |
7 |
|a Michelangelo Buonarroti,
|d 1475-1564
|2 kevkjb
|9 115762
|
| 610 |
2 |
7 |
|a Cappella Sistina (Vatikánský palác, Vatikán)
|2 kevkjb
|9 173066
|
| 650 |
0 |
7 |
|a fresky
|x Sixtínska kaplnka (Vatikán)
|2 kevkjb
|9 1594661
|
| 651 |
|
7 |
|a Vatikán
|2 kevkjb
|9 31476
|
| 773 |
0 |
|
|t Plus 7 dní
|g Roč. XX, č. 28 (2010), s. 44-46
|x 1210-2040
|
| 852 |
|
|
|a KEVKJB
|b KIS3GCP
|
| 958 |
|
|
|a BC
|
| 958 |
|
|
|a VA
|
| 999 |
|
|
|c 3276327
|d 3278257
|